Biggest Cities in the Midwest on a Map - Statistics

General Stats
  • This quiz has been taken 276 times
  • The average score is 35 of 40
Answers on the Map
Answers color-coded by a green-red scale on the quiz's map according to % correct below.
 
Answer Stats
Population City % Correct
197,757 Aurora
100%
2,693,976 Chicago
100%
147,344 Joliet
100%
148,449 Naperville
100%
119,980 Ann Arbor
98%
670,031 Detroit
98%
132,438 Sterling Heights
98%
133,943 Warren
98%
381,009 Cleveland
97%
898,553 Columbus
97%
876,384 Indianapolis
97%
152,960 Kansas City, Kansas
97%
495,327 Kansas City, Missouri
97%
590,157 Milwaukee
97%
429,606 Minneapolis
97%
140,545 Olathe
97%
195,494 Overland Park
97%
300,576 St. Louis
95%
303,940 Cincinnati
94%
308,096 Saint Paul
93%
259,680 Madison
91%
478,192 Omaha
91%
214,237 Des Moines
90%
289,102 Lincoln
88%
389,938 Wichita
87%
183,793 Sioux Falls
84%
125,310 Topeka
84%
124,662 Fargo
83%
118,210 Lansing
83%
197,597 Akron
82%
272,779 Toledo
80%
201,013 Grand Rapids
79%
270,402 Fort Wayne
77%
167,882 Springfield
77%
140,407 Dayton
75%
133,562 Cedar Rapids
69%
118,935 Rochester
58%
145,609 Rockford
58%
117,979 Evansville
57%
123,195 Columbia
53%
No matching quizzes found
Score Distribution
Percent of People with Each Score
Percentile by Number Answered
Your Score History
You have not taken this quiz